| 000 | 00930nam a2200229Ia 4500 | ||
|---|---|---|---|
| 003 | GCL | ||
| 008 | 140319s9999 xx 000 0 ara d | ||
| 040 |
_aGCL / _cGCL |
||
| 082 | 0 | 4 |
_a810.90351 _bم م |
| 100 | 1 | _aمحمد حسن غانم | |
| 245 | 1 | 0 |
_aملامح الصورة المدركة للمسنين والمسنات : _bفي السرد الروائى والقصص العربى دراسة نفسية في تحليل المضمون / _cمحمد حسن غانم |
| 260 |
_aالقاهرة : _bالمكتبة المصرية ، _c2004 |
||
| 300 |
_a83 ص ؛ _c24 سم |
||
| 490 |
_aالقراءة النفسية للادب _v0 |
||
| 650 | 0 | 4 | _aالقصص العربية |
| 650 | 0 | 4 | _aالوصف الادبى |
| 650 | 0 | 4 | _aالادب - نظريات |
| 650 | 0 | 4 | _aالادب العربى - تاريخ ونقد |
| 650 | 0 | 4 | _aالادب العربى الاجتماعى |
| 650 | 0 | 4 | _aادب الكبار |
| 942 |
_2ddc _cBK |
||
| 999 |
_c6173 _d6173 |
||